Open Data Biblioteca Nacional de Portugal


República Portuguesa: Ministério da Cultura
Biblioteca Nacional de Portugal

Catálogo da BNP: acesso por Identificadores Unívocos
Registos Bibliográficos associados ao registo de autoridade

Etiqueta de registo: 00230nam 2200025 450
001 1809625
003 http://id.bnportugal.gov.pt/bib/catbnp/1809625
100 ## $a20120412d2011 k y0pory0103 ba
101 0# $apor$deng
102 ## $aPT
105 ## $ay m 000yy
106 ## $ar
200 1# $a A parceria estratégica União Europeia-China$fArnaldo Manuel Abrantes Gonçalves$gorient. Carmen de Amado Mendes
210 #9 $a[S.l.$cs.n.],$d2011
215 ## $a390, [70] p.$d30 cm
215 ## $a1 disco óptico (CD-ROM) em caixa$d13 x 15 x 1 cm
305 ## $aEd. impressa e em CD-ROM
320 ## $aCntém bibliografia
328 #1 $aTese dout. Ciência Política e Relações Internacionais, Inst. de Estudos Políticos, Univ. Católica Portuguesa, 2011
675 ## $a327(4-67UE+510)(043)$vBN$zpor$31457114
700 #1 $aGonçalves,$bArnaldo Manuel Abrantes$31181059
702 #1 $aMendes,$bCarmen de Amado,$f1975?-$4727$31490032
801 #0 $aPT$bBN$gRPC
966 ## $lBN$mDEM$sS.C. 40572 P.$x1
966 ## $lBN$mFGMON$sS.C. 128561 V.$x1

Etiqueta de registo: 00254nam 2200025 450
001 2111512
003 http://id.bnportugal.gov.pt/bib/catbnp/2111512
010 ## $a978-989-40-0520-9
021 ## $aPT$b500150/22
100 ## $a20220930d2022 m y0pory01030103ba
101 0# $apor
102 ## $aPT
105 ## $ay z 000yy
106 ## $ar
200 1# $aCultura chinesa, uma perspetiva ocidental$fAna Cristina Alves$gcoord. Carmen Amado Mendes
205 ## $a1ª ed
210 #9 $aCoimbra$cAlmedina,$d2022
215 ## $a205 p.$d23 cm
675 ## $a1(510)$vBN$zpor$3382962
675 ## $a39(510)$vBN$zpor$3325592
675 ## $a811.581$vBN$zpor$31861208
700 #1 $aAlves,$bAna Cristina,$f1963-$3129124
702 #1 $aMendes,$bCarmen de Amado,$f1975?-$4340$31490032
801 #0 $aPT$bBN$gRPC
856 41 $uhttp://rnod.bnportugal.gov.pt/ImagesBN/winlibimg.aspx?skey=&doc=2111512&img=170300&save=true
966 ## $lBN$mFGMON$sS.A. 182301 V.$x1
966 ## $lBN$mFGMON$sS.A. 182301 V.-D$x1
971 ## $corlando$d20220930
972 ## $d20221021$e0$vlrevez$z0
973 ## $caalmeid$d20221013

Etiqueta de registo: 00254nam 2200025 450
001 2285524
003 http://id.bnportugal.gov.pt/bib/catbnp/2285524
010 ## $a978-972-8586-72-0
021 ## $aPT$b549757/25
100 ## $a20260429d2025 k y0pory01030103ba
101 0# $aeng
102 ## $aPT$aMO
105 ## $aa z 000yy
106 ## $ar
200 1# $aBeyond the seas$eroutes, traders and narratives of Macau and the South China Sea$fed. Arianna Magnani, Elisabetta Colla$gcoord. Carmen Amado Mendes, Isabel Murta Pina
210 #9 $aLisboa$cCentro Científico e Cultural de Macau ;$aMacau$cUniversidade de Macau,$d2025
215 ## $a342 p.$cil.$d23 cm
225 2# $aHistorical studies
702 #1 $aMagnani,$bArianna$4340$31997832
702 #1 $aDavid,$bElisabetta Colla Rosado Coelho$4340$31535612
702 #1 $aMendes,$bCarmen de Amado,$f1975?-$4340$31490032
702 #1 $aPina,$bIsabel Murta$4340$3979336
801 #0 $aPT$bBN$gRPC
966 ## $lBN$mFGMON$x1
966 ## $lBN$mFGMON$x1
971 ## $cssilva$d20260429

Etiqueta de registo: 00000nam 2200025 450
001 1943225
003 http://id.bnportugal.gov.pt/bib/catbnp/1943225
010 ## $a978-972-8586-42-3
021 ## $aPT$b403640/16
100 ## $a20161004d2016 m y0pory01030103ba
101 0# $apor
102 ## $aPT
105 ## $ay z 000yy
106 ## $ar
200 1# $a As negociações de Macau (1986-1999)$fCarmen Amado Mendes
210 #9 $aLisboa$cCentro Científico e Cultural de Macau ;$aMacau$cUniversidade de Macau,$d2016
215 ## $a190 p.$d23 cm
675 ## $a327(469+510)"1986/1999"$vBN$zpor$31662280
675 ## $a325.8(512.318)"1986/1999"$vBN$zpor$31662285
675 ## $a341.76(469+510)"1986/1999"$vBN$zpor$31662282
700 #1 $aMendes,$bCarmen de Amado,$f1975?-$31490032
801 #0 $aPT$bBN$gRPC
856 41 $uhttp://rnod.bnportugal.gov.pt/ImagesBN/winlibimg.aspx?skey=&doc=1943225&img=84428&save=true
900 ## $aBIBNAC$d20161118
966 ## $lBN$mFGMON$sS.C. 144232 V.$x1
966 ## $lBN$mFGMON$sS.C. 144232 V.-D$x1

Etiqueta de registo: 00000nam 2200025 450
001 2028562
003 http://id.bnportugal.gov.pt/bib/catbnp/2028562
010 ## $a978-989-26-1872-2
021 ## $aPT$b46526/20
100 ## $a20190905d2020 m y0pory01030103ba
101 0# $apor
102 ## $aPT
105 ## $ay z 000yy
106 ## $ar
200 1# $aChina contemporânea$fCarmen Amado Mendes
210 #9 $aCoimbra$cImprensa da Universidade de Coimbra,$d2020
215 ## $a120 p.$d23 cm
225 2# $aEnsino
675 ## $a327(510)"19/20"$vBN$zpor$31792827
675 ## $a94(510)"19/20"$vBN$zpor$31358506
700 #1 $aMendes,$bCarmen de Amado,$f1975?-$31490032
801 #0 $aPT$bBN$gRPC
856 41 $uhttp://rnod.bnportugal.gov.pt/ImagesBN/winlibimg.aspx?skey=&doc=2028562&img=143714&save=true
900 ## $aBIBNAC$d20201020
966 ## $lBN$mFGMON$sS.C. 153659 V.$x1
966 ## $lBN$mFGMON$sS.C. 153659 V.-D$x1

Etiqueta de registo: 00000nam 2200025 450
001 2117024
003 http://id.bnportugal.gov.pt/bib/catbnp/2117024
010 ## $a978-972-8586-60-7
021 ## $aPT$b501600/22
100 ## $a20221129d2022 m y0pory01030103ba
101 0# $aeng
102 ## $aPT
105 ## $aa z 000yy
106 ## $ar
200 1# $aNarratives and perceptions$echinese soft power in the 21st century$fAnabela Rodrigues Santiago... [et al.]$ged. Carmen Amado Mendes, Daniel Cardoso
210 #9 $aLisboa$cCentro Científico e Cultural de Macau,$d2022
215 ## $a181 p.$cil.$d23 cm
225 2# $aContemporary studies
675 ## $a327(510)(042)$vBN$zpor$31621033
675 ## $a323.1/.3(510)(042)$vBN$zpor$31867595
701 #1 $aSantiago,$bAnabela Rodrigues$4070$31865405
702 #1 $aMendes,$bCarmen de Amado,$f1975?-$4340$31490032
702 #1 $aCardoso,$bDaniel Augusto de Oliveira$4340$31450620
801 #0 $aPT$bBN$gRPC
856 41 $uhttp://rnod.bnportugal.gov.pt/ImagesBN/winlibimg.aspx?skey=&doc=2117024&img=172617&save=true
900 ## $aBIBNAC$d20230106
966 ## $lBN$mFGMON$sS.C. 160122 V.$x1
966 ## $lBN$mFGMON$sS.C. 160122 V.-D$x1
971 ## $ccsilva$d20221129
972 ## $e0$z0$d20230106$viquintas
973 ## $caalmeid$d20221226

Etiqueta de registo: 00254nam 2200025 450
001 2134300
003 http://id.bnportugal.gov.pt/bib/catbnp/2134300
010 ## $a978-972-8586-59-1
021 ## $aPT$b507280/22
100 ## $a20230612d2022 km y0pory01030103ba
101 0# $aeng$apor$afre
102 ## $aPT
105 ## $aa z 000yy
106 ## $ar
200 1# $aHistorical perspectives on China & Macau, and contacts with Europe during the Ming & Qing Dynasties$fed. Carmen Amado Mendes, Isabel Murta Pina
210 #9 $aLisboa$cCentro Cientifico e Cultural de Macau ;$aMacau$cUniversidade de Macau,$d2022
215 ## $a292 p.$cil.$d23 cm
225 2# $aHistorical studies
532 13 $aHistorical perspectives on China and Macau, and contacts with Europe during the Ming and Qing Dynasties
675 ## $a94(469+510+512)"15/19"(042)$vBN$zpor$31885455
675 ## $a339.5(4+510+512)"15/19"(042)$vBN$zpor$31885456
702 #1 $aMendes,$bCarmen de Amado,$f1975?-$4340$31490032
702 #1 $aPina,$bIsabel Murta$4340$3979336
801 #0 $aPT$bBN$gRPC
856 41 $uhttp://rnod.bnportugal.gov.pt/ImagesBN/winlibimg.aspx?skey=&doc=2134300&img=180138&save=true
900 ## $aBIBNAC$d20230626
966 ## $lBN$mFGMON$sH.G. 85692 V.$x1
966 ## $lBN$mFGMON$sH.G. 85692 V.-D$x1
971 ## $carosa$d20230612
972 ## $e1$z0$d20230626$viquintas
973 ## $cmcarvalho$d20230621
974 ## $e0$d20230621$vrsimoes

Etiqueta de registo: 00254nam 2200025 450
001 2200601
003 http://id.bnportugal.gov.pt/bib/catbnp/2200601
010 ## $a978-972-8586-66-9
021 ## $aPT$b527487/24
100 ## $a20241219d2024 k a0pory01030103ba
101 0# $apor
102 ## $aPT$aMO
105 ## $ay z 000cy
106 ## $ar
200 1# $aOlhar Macau pelos livros$fcoord. Jorge Tavares da Silva, Carmen Amado Mendes$gautores Ana Cristina Alves... [et al.]
210 #9 $aMacau$cUniversidade de Macau ;$aLisboa$cFundação Casa de Macau,$d2024
215 ## $a151 p.$d23 cm
225 2# $aLíngua e cultura
675 ## $a821.1/.8-4"20"$vBN$zpor$31867614
701 #1 $93$aAlves,$bAna Cristina$4070$31768049
702 #1 $aSilva,$bJorge Manuel Tavares da,$f1970-$4340$31821710
702 #1 $aMendes,$bCarmen de Amado,$f1975?-$4340$31490032
801 #0 $aPT$bBN$gRPC
856 41 $uhttp://rnod.bnportugal.gov.pt/ImagesBN/winlibimg.aspx?skey=&doc=2200601&img=203057&save=true
900 ## $aBIBNAC$d20250128
966 ## $lBN$mFGMON$sL. 174948 V.$x1
966 ## $lBN$mFGMON$sL. 174948 V.-D$x1
971 ## $corlando$d20241219
972 ## $e0$z0$d20250128$vasantos
973 ## $cigoulao$d20250113

Etiqueta de registo: 00000nam 2200025 450
001 2204401
003 http://id.bnportugal.gov.pt/bib/catbnp/2204401
100 ## $a20250206d2024 k y0pory01030103ba
101 0# $aeng$dpor
102 ## $aPT
105 ## $ay m 000yy
106 ## $ar
200 1# $aParadiplomacy in China$e the role of Macau in sino-portuguese speaking countries relations$fXu Heng Wang$gorient. Carmen Amado Mendes
210 #9 $aCoimbra$c[s.n.],$d2024
215 ## $aXI, 237 p.$d30 cm
328 #1 $aTese dout. em Relações Internacionais (Política Internacional e Resolução de Conflitos), Faculdade de Economia, Universidade de Coimbra, 2024
675 ## $a327.8(512.318)"20"(043)$vBN$zpor$31944054
675 ## $a327(4/8=134.3+510)"20"(043)$vBN$zpor$31580400
700 #1 $aXu,$bHeng Wang$31943925
702 #1 $aMendes,$bCarmen de Amado,$f1975?-$4727$31490032
801 #0 $aPT$bBN$gRPC
966 ## $lBN$mFGMON$sS.C. 166107 V.$x1
971 ## $ccsilva$d20250206
972 ## $d20250305$e0$vlrevez$z0
973 ## $cacosta$d20250207

Etiqueta de registo: 00254nam 2200025 450
001 2284887
003 http://id.bnportugal.gov.pt/bib/catbnp/2284887
010 ## $a978-972-8586-77-5
021 ## $aPT$b558645/26
100 ## $a20260421d2026 m a0pory01030103ba
101 0# $apor
102 ## $aPT
105 ## $aa z 000yy
106 ## $ar
200 1# $aOlhar o Japão pelos livros$fAlexandra Curvelo... [et al.]$gcoord. Eduardo Kol de Carvalho, Carmen Amado Mendes$gcolab. Celina Veiga de Oliveira$gfot. André Príncipe, Marco Martins
205 ## $a1ª ed
210 #9 $aLisboa$cCentro Científico e Cultural de Macau,$d2026
215 ## $a243 p.$cil.$d23 cm
225 2# $aLíngua e cultura
701 #1 $aCurvelo,$bAlexandra,$f1970-$4070$3273080
702 #1 $aCarvalho,$bEduardo Kol de,$f1920-$4340$337046
702 #1 $aMendes,$bCarmen de Amado,$f1975?-$4340$31490032
702 #1 $aOliveira,$bCelina Veiga de$4205$378024
702 #1 $aPríncipe,$bAndré,$f1976-$4600$31341987
702 #1 $93$aMartins,$bMarco$4600$31996426
801 #0 $aPT$bBN$gRPC
966 ## $lBN$mFGMON$x1
966 ## $lBN$mFGMON$x1
971 ## $cssilva$d20260421

Etiqueta de registo: 00254nam 2200025 450
001 2285525
003 http://id.bnportugal.gov.pt/bib/catbnp/2285525
010 ## $a978-972-8586-71-3
021 ## $aPT$b550069/25
100 ## $a20260429d2025 k a0pory01030103ba
101 0# $apor
102 ## $aPT$aMO
105 ## $ay v 000yy
106 ## $ar
200 1# $a O poder entre Lisboa e o Oriente$epersistências e mudanças na administração, do Ultimato ao Ato Colonial$fCélia Reis$gcoord. Carmen Amado Mendes, Wu Zhiliang
210 #9 $aLisboa$cCentro Científico e Cultural de Macau ;$aMacau$cFundação Macau,$dD.L. 2025
215 ## $a443 p.$d23 cm
225 2# $aEstudos de Macau
700 #1 $aReis,$bCélia,$f1964-$394007
702 #1 $aMendes,$bCarmen de Amado,$f1975?-$4340$31490032
702 #0 $aWu,$bZhiliang,$f1964-$4340$3211504
801 #0 $aPT$bBN$gRPC
966 ## $lBN$mFGMON$x1
966 ## $lBN$mFGMON$x1
971 ## $cssilva$d20260429

OpendataBNP@bnportugal.pt | Mais informação sobre acesso aos dados BNP